[Event "Budapest FS10 GM"]
[Site "Budapest"]
[Date "1993.??.??"]
[Round "3"]
[White "Lukacs, Peter"]
[Black "Sadler, Matthew D"]
[Result "0-1"]
[WhiteElo "2485"]
[BlackElo "2535"]
[Annotator "Ftacnik,L"]
[PlyCount "82"]
[EventDate "1993.10.??"]
[EventType "tourn"]
[EventRounds "11"]
[EventCountry "HUN"]
[EventCategory "9"]
[SourceTitle "CBM 038"]
[Source "ChessBase"]
[SourceDate "1994.02.01"]
[SourceVersion "1"]
[SourceVersionDate "1994.02.01"]
[SourceQuality "1"]

1. d4 d5 2. c4 dxc4 3. Nf3 a6 4. e3 Nf6 5. Bxc4 e6 6. O-O c5 7. Bd3 cxd4 8.
exd4 Be7 9. Bg5 O-O (9... b5 10. Nc3 Nbd7 $6 11. d5 $1 $36 Nc5 12. Bc2 $1 Nxd5
13. Bxe7 Kxe7 $2 14. Qd4 Qd6 $8 15. b4 $1 Nxc3 16. Qxc3 Na4 17. Bxa4 bxa4 18.
Rad1 Qb6 $8 19. Qxg7 Rf8 20. Ne5 Ra7 21. Rd3 Ke8 {Eingorn,V-Lin,Ta/Beijing/
1991/1-0 (22)}) 10. Nc3 b5 11. a4 (11. Qe2 Bb7 12. a3 Nbd7 13. Rad1 Nd5 14. Qe4
g6 15. Qh4 N7f6 16. Ne4 Nxe4 17. Bxe4 f6 18. Bc1 Qd7 19. Rfe1 f5 20. Bxd5 Bxd5
21. Qg3 Bf6 22. Bh6 Rfe8 23. Ne5 Qe7 24. Re3 $14 {Finegold,B-Van der Sterren,P/
Amsterdam OHRA-B/1989/1-0 (36)}) (11. Rc1 Bb7 12. Bb1 (12. Re1 Nc6 13. a4 bxa4
14. Nxa4 Nb4 15. Be2 Nfd5 16. Bxe7 Nxe7 17. Nc5 Bd5 18. Ne5 Nf5 19. Qd2 a5 20.
Qf4 Ra7 21. Red1 f6 22. Ned3 Nc6 23. Nxe6 Bxe6 24. Rxc6 $13 {Volshin,I-Sadler,
M/London LB (04)/1991/0-1 (29)}) 12... Nbd7 13. a3 Rc8 14. Qd3 g6 15. Rfe1 Nb6
16. Bh6 Re8 17. Ne5 Nc4 18. Qe2 Qxd4 19. Nxf7 Bc5 20. Be3 Nxe3 21. fxe3 Qxe3+
22. Qxe3 Kxf7 23. Ba2 Bxe3+ 24. Rxe3 $17 {Ligterink,G-Van der Sterren,P/
Amsterdam OHRA-B/1988/0-1 (54)}) 11... b4 (11... bxa4 12. Nxa4 Nbd7 13. Qe2 Bb7
14. Rfd1 a5 15. Ne5 Rc8 16. Qe3 $1 $16 Nxe5 $1 17. dxe5 Nd5 18. Qe4 g6 19. Bh6
Re8 20. Bb5 Bc6 21. Bxc6 Rxc6 22. Nc3 Qc8 $1 $8 23. Nxd5 exd5 24. Qxd5 $14 {
Hjartarson,J-Kortchnoi,V/Saint John (m/7)/1988/0.5 (55)}) 12. Ne4 Bb7 13. Nc5 (
13. Qe2 Nbd7 14. a5 Nxe4 (14... h6 15. Bd2 Nxe4 16. Bxe4 Bxe4 17. Qxe4 Nf6 18.
Qd3 Qd5 19. Rfc1 Rfd8 20. Bf4 Bd6 21. Bxd6 Qxd6 22. Rc4 Nd5 23. Rac1 Ne7 24. h3
$10 {Yakovich,Y-Lin Ta/Belgrade GMA-op/1988/0.5 (36)}) 15. Bxe7 Qxe7 16. Bxe4
Nf6 17. Bxb7 Qxb7 18. Rfc1 Rfc8 19. Ne5 Nd7 20. Nc4 Rc6 21. Ne3 Rac8 22. Rxc6
Qxc6 23. h3 {Goldin,A-Mikhalchishin,A/Belgrade GMA-op/1988/0.5 (23)}) 13... Bd5
14. Ne5 Nc6 15. Rc1 (15. Bxf6 Bxf6 16. Ned7 (16. Ncd7 Bxe5 17. Nxf8 Bxd4 18.
Nxh7 g6 $17) 16... Bxd4 17. Nxf8 Bxc5 18. Nxh7 g6 19. Qc2 Bd4 20. Bxg6 fxg6 21.
Qxg6+ Bg7 22. Ng5 Qf6 $15) 15... Nxe5 (15... Nxd4 16. Bxh7+ (16. Bxa6 Bxc5 17.
Rxc5 Rxa6 18. Qxd4 h6 (18... Rxa4 19. Ng4 $40) 19. Bxf6 Qxf6 20. a5 $13) 16...
Nxh7 17. Bxe7 Qxe7 18. Qxd4 Qg5 19. f3 $10) 16. dxe5 Nd7 17. Bxe7 (17. Be3 $2
Bxc5 18. Bxc5 Qg5 19. g3 Nxc5 20. Rxc5 Qxe5 $17) 17... Qxe7 18. Nxd7 (18. Nxa6
Nxe5 $15) 18... Qxd7 19. Re1 Rfd8 20. Re3 Rac8 21. Rxc8 (21. Bxa6 Rxc1 22. Qxc1
Qxa4 $15) 21... Qxc8 22. h3 (22. Rh3 h6 $15) 22... g6 23. a5 Qc7 $1 24. Qf1 (
24. Bxa6 Bxg2 $17) 24... Qxa5 25. Bxa6 Qa2 26. Qe2 Ra8 27. Bd3 Qa1+ 28. Kh2 Ra2
$17 29. Be4 Rxb2 30. Qf3 Bxe4 31. Rxe4 (31. Qxe4 Qf1 $17) 31... Qa7 32. Kg3 Qc5
33. Qf6 Rd2 34. Qf4 (34. Rf4 Rd7 $17) 34... Qc3+ 35. Kh2 Qc2 36. Rxb4 Rxf2 37.
Qg5 Qe2 38. Rb3 Kg7 39. Qg3 h5 40. h4 Rf1 41. Rd3 (41. Re3 Qd1 42. Qg5 $17)
41... Re1 $1 0-1

[Event "Petrov Memorial op"]
[Site "St Petersburg"]
[Date "1996.??.??"]
[Round "2"]
[White "Galliamova, Alisa"]
[Black "Rublevsky, Sergei"]
[Result "0-1"]
[WhiteElo "2480"]
[BlackElo "2610"]
[Annotator "Ftacnik,L"]
[PlyCount "76"]
[EventDate "1996.02.??"]
[EventType "swiss"]
[EventRounds "9"]
[EventCountry "RUS"]
[SourceTitle "CBM 052"]
[Source "ChessBase"]
[SourceDate "1996.06.01"]
[SourceVersion "1"]
[SourceVersionDate "1996.06.01"]
[SourceQuality "1"]

1. d4 d5 2. c4 dxc4 3. Nf3 Nf6 4. e3 e6 5. Bxc4 c5 6. O-O a6 7. b3 cxd4 8. Nxd4
Bd7 (8... Bd6 9. Bb2 O-O (9... Qe7 10. Bd3 O-O 11. Nd2 Rd8 12. Qe2 Nbd7 13. Nc4
Bc5 14. Rac1 e5 15. Nf5 Qe6 16. Rfd1 Bf8 17. Bb1 g6 18. Ng3 Re8 19. Qd2 Rb8 20.
Ne4 Nxe4 21. Bxe4 Nb6 22. h3 Nxc4 23. Rxc4 Qe7 24. Qc3 Bg7 25. Rc7 Qg5 26. Bd5
Bxh3 27. Rxf7 Kh8 28. Qc7 {1-0 Maiwald,J-Dao Thien Hai/Budapest FS02 GM/1993/ 
(51)}) 10. Nd2 (10. Be2 Qc7 11. Nf3 e5 12. Ba3 Bxa3 13. Nxa3 Nc6 14. Qc2 Bg4
15. Rfd1 Rac8 16. Qb2 e4 17. Ne1 Bxe2 18. Qxe2 Ne5 19. h3 Rfd8 20. Rxd8+ Rxd8
21. Rd1 Nd3 22. Nac2 Nd5 23. Nd4 Nc3 24. Qc2 Nb4 25. Qc1 Rxd4 {0-1 Nikolic,
P-Ivanchuk,V/Moscow PCA-Intel GP 25'/1995/}) 10... Bc7 (10... e5 11. N4f3 Qe7
12. Qc2 Nc6 13. a3 Bg4 14. h3 Bd7 15. Rfd1 b5 16. Bd3 Rfc8 17. Qb1 Na5 18. Ne4
Nxe4 19. Bxe4 Bc6 20. Nd2 g6 21. Bc3 Nb7 22. Qb2 Nc5 {0-1 Hoang Th
Trang-Jonkman,H/Budapest FS04 IM-B (13)/ 1994 (29)}) 11. f4 (11. Rc1 Qd6 12. f4
b5 13. Bd3 Bb7 14. Qc2 Bb6 15. Ne4 Bxe4 16. Bxe4 Ra7 17. Bf3 Rc7 18. Qe2 Rfc8
19. Rxc7 Rxc7 20. Rd1 Qf8 {1/2-1/2 Miles,A-Ivanchuk,V/Moscow GMA-qual f (01)/
1990/ (27)}) 11... e5 12. fxe5 Bxe5 13. N2f3 Bd6 14. Qc2 Ng4 15. Rae1 b5 16.
Bd3 g6 17. h3 Ne5 18. Nxe5 Bxe5 19. Be4 Ra7 20. Nxb5 Re7 21. Nd4 Rfe8 22. Bf3
Bc7 23. Qc3 Be5 24. Rd1 Bg7 25. Qb4 Qc7 26. Bd5 {1-0 Raetsky,A-Blauert,J/Bern
op (03)/1995/ (31)}) (8... b5 9. Be2 Bb7 10. Bb2 Be7 11. Bf3 Ra7 12. Nc3 O-O
13. Rc1 Qa5 14. a4 b4 15. Nb1 Rd8 16. Bxb7 Rxb7 17. Qf3 Qd5 18. Nd2 Qxf3 19.
N2xf3 Ne4 20. Rc4 Nc5 21. Ne5 Rd5 {1/2-1/2 Kiriakov,P-Mesropov,K/Voskresensk2/
1993/ (28)}) 9. Nd2 Nc6 10. N2f3 Nxd4 11. Nxd4 Be7 12. Bb2 O-O 13. Qf3 (13. a4
Rc8 $10) 13... b5 14. Bd3 Rc8 15. Rac1 Qa5 16. a3 (16. Bb1 Rfd8 $10) 16... Bxa3
17. Ra1 b4 18. Nc2 Bc6 19. e4 (19. Qg3 Nh5 20. Qg4 Rfd8 $15) 19... Rfd8 20.
Nxa3 bxa3 21. Bxa3 Rxd3 (21... Qc3 22. Bxa6 Bxe4 23. Qxc3 Rxc3 24. Be7 $10) 22.
Qxd3 Bb5 23. Rfc1 $2 (23. Qg3 $1 Bxf1 (23... Nxe4 24. Qe5 $16) 24. Bb2 Nh5 (
24... Qd8 25. Rxf1 Ne8 $10) 25. Rxa5 Nxg3 26. hxg3 $10) (23. Qe3 Bxf1 24. Bb2
Qb4 25. Bxf6 gxf6 26. Kxf1 Rc3 $17) 23... Rxc1+ 24. Rxc1 Qxa3 25. Rc8+ Be8 (
25... Ne8 $2 26. Qxb5 axb5 (26... Qa1+ $2 27. Qf1) 27. Rxe8+ Qf8 28. Rxf8+ Kxf8
29. f4 $10) 26. h3 (26. f3 Kf8 $17) 26... Qa1+ 27. Kh2 Qe5+ 28. g3 g5 29. Qxa6
{Black light pieces will be stronger in attack than Q and R.} Kg7 30. Qd3 Bb5
31. Qd8 Qxe4 $2 (31... Qb2 32. Qh8+ Kh6 33. Kg1 Qd4 $17) 32. Rc5 Kg6 $6 (32...
Qf3 33. Rxg5+ Kh6 34. Rxb5 Qxf2+ 35. Kh1 Qf1+ 36. Kh2 Qf2+ $10 (36... Qxb5 $4
37. Qxf6+ Kh5 38. g4#)) 33. Rxb5 $2 $138 (33. Qd2 $1 h6 34. Rxb5 $18) 33... Qe2
34. Qb6 Ne4 (34... Nd7 35. Qc6 Ne5 $10) 35. Rb4 (35. Re5 $16) 35... Nxf2 36.
Qd4 (36. Kg1 Nxh3+ 37. Kh1 Nf2+ 38. Kg1 Ne4 $19) (36. Ra4 Ne4+ 37. Kg1 Qe1+ 38.
Kg2 Qxg3+ 39. Kf1 Qxh3+ $19) 36... Nd3+ 37. Kg1 Qe1+ 38. Kh2 Nxb4 0-1

[Event "Reykjavik zt"]
[Site "Reykjavik"]
[Date "1995.??.??"]
[Round "1"]
[White "Olafsson, Helgi"]
[Black "Thorhallsson, Throstur"]
[Result "1-0"]
[WhiteElo "2520"]
[BlackElo "2420"]
[Annotator "Ftacnik,L"]
[PlyCount "46"]
[EventDate "1995.03.??"]
[EventType "swiss"]
[EventRounds "11"]
[EventCountry "ISL"]
[SourceTitle "CBM 047"]
[Source "ChessBase"]
[SourceDate "1995.08.01"]
[SourceVersion "1"]
[SourceVersionDate "1995.08.01"]
[SourceQuality "1"]

1. Nf3 {Baburin} d5 2. d4 Nf6 3. c4 dxc4 4. e3 e6 5. Bxc4 c5 6. O-O a6 7. Bd3
Nc6 8. Nc3 Be7 9. a3 cxd4 10. exd4 O-O 11. Re1 (11. Bc2 b5 (11... b6 12. Qd3
Bb7 13. Re1 g6 14. Bh6 Re8 15. Rad1 Nd5 16. Nxd5 Qxd5 17. Bb3 Qb5 18. Bc4 Qh5
19. Qe3 Na5 20. Be2 Qd5 21. Qf4 Bd6 22. Qf6 Bf8 23. Bxf8 Rxf8 24. h4 $40 {
Ravi,L-Ravi,T/Calcutta (06)/1992/1-0 (36)}) 12. Qd3 Bb7 13. Bg5 g6 14. Rad1 Rc8
15. Rfe1 Nd5 16. Bh6 Nxc3 17. bxc3 Re8 18. a4 Na5 19. axb5 axb5 20. Qxb5 Rxc3
21. Be4 Bxe4 22. Rxe4 Nc4 23. Rf4 Qb8 24. Qxb8 {Lempert,I-Suetin,A/Nabereznye
Chelny/1993/0.5 (25)}) 11... b5 12. Bc2 Bb7 (12... b4 13. Na4 Rb8 14. Bf4 Rb5
15. Bb3 Na5 16. Bc2 Bb7 17. Bd3 bxa3 18. bxa3 {Horvath,Jo-Somlai,L/Budapest
Elekes (11)/1991/0.5 (18)}) 13. Qd3 g6 $6 (13... h6 14. Bf4) (13... b4 $5 14.
Na4 $13) 14. Bh6 Re8 15. Rad1 Qd6 16. b4 {Baburin: This is very unusual idea.
In some lines this move might be usuful in order to occupy the c5-square; at
the moment it stops Nc6-a5-c4 or b5-b4.} (16. Bb3 Na5) 16... Rac8 17. Bb3 {xe6}
a5 (17... Bf8 $5 {Baburin}) 18. d5 $1 {Baburin: This is a thematic break for
positions with an isolated pawn. The side which has such a pawn usually has
easier development and more space for manouevring, so when he manages to play
d4-d5!, his pieces are better prepared for it.} (18. Nxb5 Qb8 $132) 18... exd5
(18... Nd8 19. Nxb5 Qb6 20. d6 $18) 19. Nxd5 Nxd5 (19... Qb8 20. Nxf6+ Bxf6 21.
Bxf7+ $1 Kxf7 22. Qd5+ $18) 20. Bxd5 {Baburin: Now it is very difficult (if
possible at all!) to stop White's threat Bxf7+. The move Black picked does not
save the game.} Nd8 $2 (20... axb4 21. Bxf7+ Kxf7 22. Qb3+ $18 (22. Qb3+ {
Baburin} Qe6 23. Qxe6#)) (20... Qc7 21. Bxf7+ Kxf7 22. Qd5+ Kf6 23. Qe6#) 21.
Qd4 Bf8 22. Rxe8 Ne6 23. Rxf8+ Rxf8 (23... Rxf8 24. Bxe6 Qxd4 25. Nxd4 $18) 1-0

[Event "Petrov Memorial op"]
[Site "St Petersburg"]
[Date "1996.??.??"]
[Round "2"]
[White "Vaulin, Alexander"]
[Black "Zakharov, Alexander S"]
[Result "1-0"]
[WhiteElo "2480"]
[BlackElo "2300"]
[Annotator "Ftacnik,L"]
[PlyCount "51"]
[EventDate "1996.02.??"]
[EventType "swiss"]
[EventRounds "9"]
[EventCountry "RUS"]
[SourceTitle "CBM 052"]
[Source "ChessBase"]
[SourceDate "1996.06.01"]
[SourceVersion "1"]
[SourceVersionDate "1996.06.01"]
[SourceQuality "1"]

1. d4 {Baburin} d5 2. c4 dxc4 3. Nf3 Nf6 4. e3 e6 5. Bxc4 c5 6. O-O a6 7. Bb3
Nc6 8. Nc3 Be7 9. Qe2 cxd4 10. Rd1 O-O 11. exd4 Qa5 {[#]} (11... Na5 12. Bc2 b5
13. Bg5 Bb7 14. Ne5 (14. d5 Bxd5 15. Nxd5 exd5 16. Nd4 Re8 17. Nf5 Nc6 18. Qf3
Ne5 19. Qh3 Ng6 20. Re1 Bf8 21. Qf3 Qa5 22. Red1 Ne4 {Slutzky,L-Ben Menachem,I/
Ramat-Hasharon (11)/1992/0-1 (74)}) 14... g6 (14... Nc6 15. Bxf6 Bxf6 16. Qe4
g6 17. Nxc6 Qc7 18. Qf3 b4 19. Qxf6 bxc3 20. Ne7+ {1-0 Petrosian,A-Suetin,A/
Erevan Petrosian mem/1994/}) 15. Bh6 (15. Bxf6 Bxf6 16. Be4 Bxe4 17. Nxe4 Bg7
18. Rac1 Rc8 19. Nc5 Qd6 20. Qe1 Rfd8 21. b4 Nc4 22. Nb7 {1-0 Kaidanov,
G-Brunner,L/WchT Luzern (USA-SUI) (07)/1993 (48)}) 15... Re8 16. a3 Nh5 17. b4
Nc6 18. Be4 Qc7 19. Bxc6 Bxc6 20. Rac1 Qb7 21. Nxc6 Qxc6 22. d5 $16 {Lerner,
K-Dokhoian,Y/Harkov/1985/}) (11... Bd7 12. Ne5 Be8 13. Be3 Rc8 14. f4 Nb4 15.
f5 exf5 16. Qf3 Ng4 17. Nxg4 fxg4 18. Qxg4 Rc6 19. d5 Rg6 20. Qd4 a5 21. Ne4 {
1-0 Efimov,I-Sebih,K/Casablanca (01)/1994/ (38)}) (11... Nd5 12. Ne4 b6 13. Nc3
Ncb4 14. Ne5 Bb7 15. Qg4 Nf6 16. Qg3 Kh8 17. Qh3 Kg8 18. a3 Nbd5 19. Nd3 Nxc3
20. bxc3 Bd5 21. Bxd5 {1/2-1/2 Petrosian,A-Ye Rongguang/Shenzhen (08)/1992/}) (
11... Nd5 {Baburin}) (11... Na5 {Baburin}) 12. d5 exd5 13. Nxd5 Nxd5 (13... Bd8
14. Bd2 Qb5 15. Qxb5 axb5 16. Bc3 $14) 14. Bxd5 Bf6 (14... Rd8 15. Bxc6 Rxd1+
16. Qxd1 bxc6 17. Qe2 $14) 15. Bg5 Nd4 (15... Bxg5 16. Nxg5 Bf5 17. Rac1 $14)
16. Nxd4 Bxg5 17. Qe5 Qd8 $2 (17... Bd8 $1 {Baburin: does not look impressive,
but it was necessary, as now Black loses due to the X-ray of the white Rook.}
18. Rac1 $14) 18. Nf3 $1 Bf6 {[#]} 19. Bxf7+ $1 Kxf7 (19... Rxf7 20. Rxd8+ Bxd8
21. Qd5 $18) 20. Qh5+ Kg8 (20... g6 21. Qxh7+ $18) 21. Rxd8 Rxd8 22. Re1 g6 (
22... Bd7 23. Qd5+ Kh8 24. Qxb7 $18) 23. Qc5 a5 24. Ng5 Bxg5 (24... Ra6 25.
Qc4+ $18) 25. Qxg5 Be6 26. h4 (26. h4 Bxa2 27. Re7 $18) 1-0

[Event "WchT 3rd"]
[Site "Luzern"]
[Date "1993.??.??"]
[Round "8.1"]
[White "Yermolinsky, Alex"]
[Black "Xu, Jun"]
[Result "1/2-1/2"]
[WhiteElo "2605"]
[BlackElo "2535"]
[Annotator "Ftacnik,L"]
[PlyCount "145"]
[EventDate "1993.10.24"]
[EventType "team-tourn"]
[EventRounds "9"]
[EventCountry "SUI"]
[SourceTitle "CBM 038"]
[Source "ChessBase"]
[SourceDate "1994.02.01"]
[SourceVersion "1"]
[SourceVersionDate "1994.02.01"]
[SourceQuality "1"]
[WhiteTeam "US of America"]
[BlackTeam "China"]
[WhiteTeamCountry "USA"]
[BlackTeamCountry "CHN"]

1. d4 d5 2. c4 dxc4 3. Nf3 Nf6 4. e3 e6 5. Bxc4 a6 6. O-O c5 7. Bb3 Nbd7 8. e4
$5 $146 (8. a4 Be7 9. Qe2 cxd4 10. exd4 O-O 11. Nc3 Nb6 12. Re1 Nbd5 13. Bg5
Re8 14. Ne5 Nxc3 15. bxc3 Nd5 16. Bd2 Bd6 17. c4 Ne7 18. Bc3 Nc6 19. Rad1 Qc7
20. Bc2 Nxe5 21. dxe5 Be7 22. Rd4 g6 23. Red1 b5 24. h4 $13 {Obukhov,A-Bus,M/
Krasnodar/1991/0.5 (69)}) (8. Qe2 Qc7 9. Nbd2 b6 10. e4 Bb7 11. d5 e5 12. a4
Bd6 13. Nh4 O-O 14. Nc4 b5 15. Nxd6 Qxd6 16. Nf5 Qb8 17. Qf3 Re8 18. Bg5 Kh8
19. Bc2 Rf8 20. Qh3 g6 21. f4 Ng8 22. Nh6 Qd6 23. f5 Ndf6 24. axb5 $16 {
Pedersen,St-Maiwald,J/Budapest ExpFS FebGM/1993/1-0 (32)}) 8... cxd4 (8... Nxe4
9. d5 Ndf6 10. dxe6 Bxe6 11. Bxe6 fxe6 12. Qe2 $36) 9. e5 Ng4 10. Bf4 (10. Qxd4
$2 Ndxe5 $1) 10... Nc5 (10... Qc7 11. Qxd4 Bc5 12. Qe4 $14) 11. Nxd4 h5 12. h3
g5 (12... Nh6 13. Bc2 $14) 13. Bg3 Nxb3 14. axb3 (14. Nxb3 Qxd1 15. Rxd1 h4 16.
hxg4 hxg3 17. fxg3 Bg7 $17) 14... Bc5 15. Ne2 h4 (15... Qxd1 16. Rxd1 h4 17.
hxg4 hxg3 18. Nxg3 $16) 16. hxg4 hxg3 17. Nxg3 (17. Qxd8+ Kxd8 18. Nxg3 Ke7 19.
Rd1 Rh4 20. Ne4 Bb6 21. Nxg5 Rxg4 22. Nf3 Bd7 $44) 17... Bd4 18. Re1 Qb6 (18...
Bxb2 $2 19. Qxd8+ Kxd8 20. Ra2 Bd4 21. Rd2 $18) 19. Qf3 (19. Qd2 Rh4 (19... Bd7
$2 20. Rd1 $18) 20. Re4 Bc5 21. b4 Be7 22. Na3 $16) 19... Bd7 20. Qf6 Rg8 21.
Ne4 Qc7 (21... Bxb2 22. Ra2 Bd4 23. Rd2 Bb5 24. Rxd4 Qxd4 25. Nd6+ Kd7 26.
Qxf7+ Kc6 27. Rc1+ Kb6 28. Qc7+ Ka7 29. Qxb7#) 22. Nxg5 (22. Nd6+ $2 Qxd6 23.
exd6 Bxf6 $19) 22... Bc6 23. Nd2 Rd8 (23... Bxb2 24. Nc4 Qe7 25. Nd6+ Kd7 26.
Rad1 Qxf6 27. Ndxf7+ Kc8 28. exf6 Bxf6 29. Ne4 $16) 24. Nc4 Qe7 25. Nd6+ Rxd6
26. Qxe7+ Kxe7 27. exd6+ Ke8 (27... Kxd6 28. Nxf7+ $18) 28. Rad1 (28. Nf3 Bxb2
29. Rab1 Rxg4 30. Rxb2 Bxf3 31. g3 Rd4 32. Rc2 Rxd6 $14) 28... Bxf2+ $1 $8 29.
Kxf2 Rxg5 30. Rd4 Kd7 31. Rf4 Rg7 32. Kg3 Kxd6 33. Ref1 Ke7 34. R1f2 Bd5 $14
35. b4 e5 36. Rf5 Be6 37. Rxe5 Rxg4+ 38. Kh2 Rxb4 39. Rc5 Kd6 40. Rc3 a5 41.
Rd2+ Ke7 42. Rc7+ Kf6 43. Re2 a4 44. Rc5 b5 $132 45. Rc7 Rb3 46. Ra7 Bc4 47.
Rd2 Ke5 48. Kg1 Be6 49. Kf2 Kf6 50. Ke1 Re3+ 51. Re2 Rb3 52. Ra6 Kg7 53. Rf2
Bc4 54. Ra7 Kg6 55. Kd1 Rg3 56. Kd2 Rd3+ 57. Kc2 Rg3 58. Kc1 Rd3 59. Ra6+ Kg5
60. Ra8 f5 61. Rf8 Be6 62. Re8 Rd6 63. Rd2 Rc6+ 64. Kd1 Kf4 65. Re7 b4 66. Rd4+
Kg3 67. Rg7+ Kf2 68. Rxb4 Bb3+ 69. Kd2 Rc2+ 70. Kd3 Rxb2 71. Rf4+ Kg1 72. g4 (
72. Rxf5 Rxg2 $10) 72... Rg2 73. Kc3 (73. Rxf5 $4 Bc2+) 1/2-1/2

[Event "Hoogovens op"]
[Site "Wijk aan Zee"]
[Date "1995.01.??"]
[Round "6"]
[White "Hansen, Lars Bo"]
[Black "Nikolic, Predrag"]
[Result "1-0"]
[WhiteElo "2580"]
[BlackElo "2645"]
[Annotator "Ftacnik,L"]
[PlyCount "57"]
[EventDate "1995.01.??"]
[EventType "swiss"]
[EventRounds "12"]
[EventCountry "NED"]
[SourceTitle "CBM 046"]
[Source "ChessBase"]
[SourceDate "1995.06.01"]
[SourceVersion "1"]
[SourceVersionDate "1995.06.01"]
[SourceQuality "1"]

1. d4 d5 2. c4 dxc4 3. Nf3 a6 4. e3 Nf6 5. Bxc4 e6 6. O-O c5 7. Bd3 Nbd7 8. Qe2
b6 9. Rd1 Bb7 10. dxc5 $5 (10. Nc3) 10... Bxc5 11. a3 Qb8 12. Nbd2 O-O (12...
Bd6 $10) 13. b4 Bd6 14. Bb2 Rc8 (14... a5 $5 15. bxa5 Rxa5 16. e4 Ng4 17. h3
Nge5 $13) (14... Ne5 15. Nxe5 Bxe5 16. Bxe5 Qxe5 17. Nc4 Qc7 18. Rac1 b5 19.
Na5 Qb6 $10) 15. Rac1 Rxc1 16. Rxc1 a5 (16... Ne5 17. Bb1 $1) 17. b5 (17. bxa5
Rxa5 18. Nc4 Bxf3 19. Qxf3 Bxh2+ 20. Kf1 Rg5 $13) 17... Bxf3 (17... e5 $5 18.
e4 (18. Ng5 e4 19. Ndxe4 Bxh2+ 20. Kh1 Bxe4 $1 21. Nxe4 Be5 $10) 18... Nc5 19.
Bc2 $14) 18. Nxf3 Qf8 19. Ra1 $1 e5 20. Ng5 $1 Nc5 $6 (20... h6 21. Ne4 $14)
21. Bc4 Ra7 22. f4 $1 exf4 (22... e4 23. Rd1 h6 24. Bxf6 gxf6 25. Nxf7 $1 Rxf7
26. Qg4+ Kh8 27. Bxf7 $18) (22... Qb8 23. Bxf7+ $1 Rxf7 24. Qc4 Qe8 25. fxe5
Nd3 $5 26. Nxf7 (26. Qxd3 Bxe5 27. Nxf7 Bxb2 28. Rb1 $18) 26... Nxb2 27. Qb3
Qxf7 28. Qxb2 Be7 29. Rf1 $1 $18) (22... Qe8 23. Rd1 Nfe4 24. fxe5 $1 Bf8 (
24... Bxe5 $6 25. Nxe4 Nxe4 26. Bxe5 Qxe5 27. Rd8+) 25. Nxe4 Nxe4 26. Qg4 Nc5
27. h3 $16) 23. Qc2 Ncd7 $2 (23... Qe8 24. Bxf6 Qxe3+ (24... gxf6 25. Qxh7+ Kf8
26. Qh6+ Ke7 27. exf4 $5) 25. Kf1 gxf6 26. Qxh7+ Kf8 27. Nxf7 $1 Ne6 28. Re1
$18) (23... h6 $2 24. Nxf7 $1 Rxf7 25. Bxf6 gxf6 26. Qg6+ Qg7 27. Bxf7+ Kf8 28.
Qxg7+ Kxg7 29. Bc4 fxe3 30. g3 $16) (23... Qe7 $5 24. Bxf7+ Kf8 25. Bxf6 $6 (
25. Re1 $5 Be5 26. Bc4 Bxb2 27. Qxb2 fxe3 28. Qd4 $16) 25... Qxe3+ 26. Kf1 gxf6
27. Qxh7 Qd3+ $1) 24. Nxf7 Bc5 25. Kh1 f3 (25... Bxe3 $6 26. Rd1 Rc7 27. Ng5+
Kh8 28. Ne6 Qc8 29. Nxc7 Qxc7 30. Bb3 Qxc2 31. Bxc2 $16) (25... fxe3 26. Rf1
Rc7 27. Ng5+ Kh8 28. Ne6 Qd6 29. Nxc7 Qxc7 (29... Ng4 $2 30. Bxg7+ Kxg7 31.
Ne8+ $18) 30. Be6 $18) 26. Rf1 Bxe3 27. Rxf3 Qc5 (27... Bc5 28. Ne5+ Kh8 29.
Qxh7+ $3 Kxh7 30. Rh3+ Nh5 31. Rxh5#) 28. Ng5+ Kh8 29. Ne6 1-0

[Event "St Stefan/Belgrade m"]
[Site "Belgrade"]
[Date "1992.??.??"]
[Round "4"]
[White "Spassky, Boris Vasilievich"]
[Black "Fischer, Robert James"]
[Result "1-0"]
[WhiteElo "2560"]
[BlackElo "2785"]
[Annotator "Ftacnik,L"]
[PlyCount "99"]
[EventDate "1992.09.??"]
[EventType "match"]
[EventRounds "30"]
[EventCountry "YUG"]
[SourceTitle "CBM 031"]
[Source "ChessBase"]
[SourceDate "1992.12.01"]
[SourceVersion "1"]
[SourceVersionDate "1992.12.01"]
[SourceQuality "1"]

1. d4 d5 2. c4 dxc4 3. Nf3 Nf6 4. e3 e6 5. Bxc4 c5 6. O-O a6 7. dxc5 Qxd1 8.
Rxd1 Bxc5 9. b3 (9. Nbd2 Ke7 10. Nb3 Bd6 11. Bd2 Nc6 12. Nfd4 Nxd4 13. Nxd4 Bd7
$10 {Gligoric,S-Donner,H/Eersel/1968/}) 9... Nbd7 10. Bb2 b6 11. Nc3 {N} (11.
Nbd2 Bb7 12. Be2 Rc8 13. Rac1 Ke7 14. Nc4 Rhd8 15. a3 $13 {Spassky,B-Heinbuch/
BL/1986/}) 11... Bb7 12. Rac1 Be7 (12... h6 13. Na4 Be7 14. Bxf6 Bxf6 15. Rxd7
$1 Kxd7 16. Nxb6+ $16) 13. Nd4 Rc8 (13... O-O $2 14. Nxe6 $1 $18) 14. f3 $5 b5
15. Be2 Bc5 $1 16. Kf1 Ke7 17. e4 g5 $1 (17... Rhd8 $10) 18. Nb1 $1 g4 (18...
Bd6 $5 $36) 19. Ba3 b4 $2 (19... Bxa3 20. Nxa3 h5 $15) 20. Rxc5 $1 Nxc5 21.
Bxb4 Rhd8 $6 (21... Nfd7) 22. Na3 $1 gxf3 23. gxf3 Nfd7 (23... Ne8 24. Nc4 (24.
Rc1 Rxd4 25. Bxc5+ Kd7) 24... Nd6 25. Ba5 $16) 24. Nc4 Ba8 25. Kf2 Rg8 26. h4
$16 Rc7 27. Nc2 {P e1-d3} Rb8 (27... Kf6 28. Ba5 Rb7 29. b4 $18) 28. Ba3 h5 $2
(28... Rg8 29. Rd6 $16) 29. Rg1 Kf6 30. Ke3 (30. Rg5 Bxe4 $1) 30... a5 31. Rg5
a4 $6 32. b4 Nb7 33. b5 (33. Nd4 Nd6 $1) (33. Bd3 Rbc8) 33... Nbc5 34. Nd4 e5
35. Nxe5 $1 (35. Nf5 $1 Rxb5 36. Rxh5 $18) 35... Nxe5 36. Rf5+ Kg7 37. Rxe5
Nxe4 38. Bd3 $1 (38. fxe4 Rc3+ 39. Kf4 Rxa3 $132) 38... Rc3 (38... Nc3 39. Bd6
$18) 39. Bb4 Rxd3+ 40. Kxd3 Nf6 41. Bd6 Rc8 42. Rg5+ Kh7 43. Be5 Ne8 44. Rxh5+
Kg6 45. Rg5+ Kh7 46. Bf4 f6 47. Rf5 Kg6 48. b6 Rd8 49. Ra5 Bxf3 $6 50. h5+ $1 (
50. h5+ $1 Kf7 51. Ra7+ Kf8 52. b7 $18) 1-0

[Event "St Stefan/Belgrade m"]
[Site "Belgrade"]
[Date "1992.??.??"]
[Round "14"]
[White "Spassky, Boris Vasilievich"]
[Black "Fischer, Robert James"]
[Result "1/2-1/2"]
[WhiteElo "2560"]
[BlackElo "2785"]
[Annotator "Ftacnik,L"]
[PlyCount "64"]
[EventDate "1992.09.??"]
[EventType "match"]
[EventRounds "30"]
[EventCountry "YUG"]
[SourceTitle "CBM 031"]
[Source "ChessBase"]
[SourceDate "1992.12.01"]
[SourceVersion "1"]
[SourceVersionDate "1992.12.01"]
[SourceQuality "1"]

1. d4 d5 2. c4 dxc4 3. Nf3 Nf6 4. e3 (4. Nc3 $5) 4... e6 5. Bxc4 c5 6. O-O a6
7. dxc5 Qxd1 8. Rxd1 Bxc5 9. b3 b5 10. Be2 Bb7 11. Bb2 Nbd7 12. Nbd2 O-O $1 (
12... Ke7 13. a4 {Spassky,B-Fischer,R (06)/Sveti Stefan m/1992/}) 13. Rac1 (13.
a4 bxa4 14. Rxa4 Be7 15. Ba3 Bxa3 16. Rxa3 Nd5 {0,5/Spassky,B-Nikolic,Pr/
Barcelona/1992/}) 13... Rfc8 $1 14. h3 Kf8 15. Kf1 Ke7 16. Ne1 Bd6 $6 (16...
Bb4 $1 17. a3 Rxc1 18. Bxc1 Bd6 19. Bb2 Rc8 20. Rc1 Rxc1 21. Bxc1 $10) 17. a4
$1 Bc6 (17... bxa4 18. Nc4 Bb4 19. Nd3 $36) (17... b4 18. Nc4 Bc7 19. Nd3 a5
20. Bf3 $14) 18. axb5 axb5 (18... Bxb5 19. Nc4 $14) 19. Rc2 Rc7 20. Rdc1 Rac8
21. Bf3 (21. Ndf3 e5 $1) 21... Bxf3 22. Ndxf3 e5 23. Rxc7 Rxc7 24. Rxc7 Bxc7
25. Nc2 Ne4 $1 26. Na3 b4 27. Nc4 (27. Nc2 Bd6 28. Ke2 f6 29. Nfe1 Ndc5 30. Nd3
Nxb3 31. Ncxb4 $10) 27... f6 (27... Ke6 28. Ne1 Ndc5 29. f3 Nf6 30. e4 Nxb3 31.
Nd3 $10) 28. Ne1 Ndc5 29. Nc2 Nxb3 (29... Nd3 30. Nxb4 $1 Nexf2 (30... Nxb4 31.
Ba3) 31. Ba3 Ke6 32. Ke2 $14) 30. Nxb4 Nbd2+ 31. Nxd2 Nxd2+ 32. Ke2 Nc4 1/2-1/2